Statistics for U.S. States that Trade the most with Mexico

Click here to take the quiz!

General Stats

  • This quiz has been taken 74 times
  • The average score is 10 of 13

Answer Stats

Imports Exports State % Correct
89,83397,273Texas
99%
46,41926,703California
99%
6,688Florida
99%
7,9167,573Arizona
96%
12,1589,865Illinois
85%
7,377Louisiana
78%
6,859Georgia
78%
8,2496,510Ohio
75%
52,99412,507Michigan
61%
7,0614,695Tennessee
57%
4,096Pennsylvania
57%
5,599Kentucky
54%
5,068Indiana
52%

Score Distribution

Percentile by Number Answered

Percent of People with Each Score

Your Score History

You have not taken this quiz